Countries A to Z - Statistics

General Stats
  • This quiz has been taken 137 times
  • The average score is 106 of 196
Answer Stats
Letter Continent Answer % Correct
A Africa Algeria
89%
A Europe Andorra
89%
A South America Argentina
89%
A Europe Albania
87%
A North America Antigua and Barbuda
87%
A Oceania Australia
86%
A Europe Austria
84%
B North America Bahamas
84%
A Africa Angola
83%
B North America Barbados
81%
A Asia Afghanistan
79%
B Europe Belgium
79%
B South America Brazil
79%
B South America Bolivia
78%
B Europe Belarus
76%
B North America Belize
76%
B Africa Burundi
76%
C North America Canada
76%
A Asia Armenia
73%
A Asia Azerbaijan
73%
B Asia Bahrain
73%
C Africa Cameroon
73%
B Europe Bosnia-Herzegovina
71%
B Africa Botswana
71%
C Asia Cambodia
71%
E South America Ecuador
71%
H North America Honduras
71%
J North America Jamaica
71%
B Asia Bangladesh
70%
B Africa Benin
68%
B Asia Bhutan
68%
C South America Chile
68%
C South America Colombia
68%
D Europe Denmark
68%
F Oceania Fiji
68%
H Europe Hungary
68%
B Asia Brunei
67%
B Europe Bulgaria
67%
D North America Dominica
67%
F Europe Finland
67%
H North America Haiti
67%
K Oceania Kiribati
67%
C Asia China
65%
D North America Dominican Republic
65%
G Africa Gabon
65%
G Europe Germany
65%
B Asia Burma
63%
C Africa Chad
63%
C North America Cuba
63%
D Africa Djibouti
63%
F Europe France
63%
I Europe Iceland
63%
I Asia India
63%
I Europe Ireland
63%
L Asia Laos
63%
L Europe Latvia
63%
B Africa Burkina Faso
62%
Z Africa Zimbabwe
62%
E Africa Eritrea
60%
E Europe Estonia
60%
G Africa Gambia
60%
I Asia Indonesia
60%
I Asia Iran
60%
I Asia Iraq
60%
Y Asia Yemen
60%
C Africa Comoros
59%
C North America Costa Rica
59%
G North America Guatemala
59%
G South America Guyana
59%
J Asia Jordan
59%
L Europe Luxembourg
59%
O Asia Oman
59%
P South America Paraguay
59%
Q Asia Qatar
59%
R Europe Romania
59%
U South America Uruguay
59%
V South America Venezuela
59%
Z Africa Zambia
59%
E Africa Ethiopia
57%
G Africa Guinea
57%
I Asia Israel
57%
I Europe Italy
57%
K Africa Kenya
57%
L Europe Lithuania
57%
N North America Nicaragua
57%
P South America Peru
57%
R Africa Rwanda
57%
C Europe Czech Republic
56%
E Asia East Timor
56%
E North America El Salvador
56%
G North America Grenada
56%
G Africa Guinea-Bissau
56%
J Asia Japan
56%
K Europe Kosovo
56%
N Oceania New Zealand
56%
P Oceania Palau
56%
U North America United States of America
56%
U Asia Uzbekistan
56%
V Oceania Vanuatu
56%
V Europe Vatican City
56%
C Europe Croatia
54%
G Europe Greece
54%
K Asia Kuwait
54%
C Africa Central African Republic
52%
E Africa Egypt
52%
G Africa Ghana
52%
K Asia Kazakhstan
52%
L Africa Liberia
52%
N Oceania Nauru
52%
R Europe Russia
52%
U Africa Uganda
52%
L Europe Liechtenstein
51%
N Africa Niger
51%
N Europe Norway
51%
U Europe United Kingdom
51%
V Asia Vietnam
51%
C Africa Cape Verde
49%
E Africa Equatorial Guinea
49%
K Asia Kyrgyzstan
49%
L Africa Lesotho
49%
L Africa Libya
49%
N Africa Nigeria
49%
P North America Panama
49%
T Oceania Tuvalu
49%
U Europe Ukraine
49%
D Africa Democratic Republic of Congo
48%
G Asia Georgia
48%
M Europe Macedonia
48%
M Africa Madagascar
48%
N Europe Netherlands
48%
N Africa Namibia
46%
P Europe Poland
46%
P Europe Portugal
46%
M Africa Mali
44%
M Europe Malta
44%
P Asia Pakistan
44%
P Oceania Papua New Guinea
44%
T North America Trinidad and Tobago
44%
C Asia Cyprus
43%
M Asia Malaysia
43%
M Africa Mauritania
43%
N Asia Nepal
43%
S North America Saint Kitts and Nevis
43%
S Europe San Marino
43%
S Europe Switzerland
43%
T Oceania Tonga
43%
U Asia United Arab Emirates
43%
C Africa Congo
41%
L Asia Lebanon
41%
M Oceania Marshall Islands
41%
S North America Saint Lucia
41%
S North America Saint Vincent and Grenadines
41%
S Oceania Samoa
41%
T Asia Turkmenistan
41%
F Oceania Federated States of Micronesia
40%
M Africa Malawi
40%
M North America Mexico
40%
M Asia Mongolia
40%
M Europe Montenegro
40%
P Asia Philippines
40%
S South America Suriname
40%
S Europe Sweden
40%
T Asia Turkey
40%
M Europe Moldova
38%
I Africa Ivory Coast
37%
M Asia Maldives
37%
M Africa Mauritius
37%
N Asia North Korea
37%
S Europe Slovakia
37%
S Europe Slovenia
37%
S Asia South Korea
37%
T Africa Tanzania
37%
M Africa Mozambique
35%
S Oceania Solomon Islands
35%
S Africa South Sudan
35%
S Africa Swaziland
35%
T Asia Taiwan
35%
T Africa Togo
35%
M Europe Monaco
33%
S Africa South Africa
33%
S Africa Sudan
33%
T Asia Thailand
33%
M Africa Morocco
32%
S Europe Spain
32%
S Asia Syria
32%
S Europe Serbia
30%
S Asia Singapore
30%
S Africa Somalia
30%
S Africa Sao Tome and Principe
29%
T Asia Tajikistan
29%
T Africa Tunisia
29%
S Africa Senegal
27%
S Africa Seychelles
27%
S Asia Saudi Arabia
24%
S Africa Sierra Leone
22%
S Asia Sri Lanka
22%
No matching quizzes found
Score Distribution
Percent of People with Each Score
Percentile by Number Answered
Your Score History
You have not taken this quiz